| 000 | 01650nam a2200265 i 4500 | ||
|---|---|---|---|
| 003 | DO-SdBNP | ||
| 005 | 20251006144530.0 | ||
| 007 | ta | ||
| 008 | 251006b1985 dr ||||| |||| 00| p spa d | ||
| 040 |
_aDO-SdBNP _bspa _cBNPHU _erda |
||
| 041 | _aspa | ||
| 082 | 4 |
_axxx _bG516h _222 |
|
| 100 | 1 |
_aGíraldez Casanovas, Laureano, _eautor _4aut. _988662 |
|
| 245 | 1 | 0 |
_aHilo / _cLaureano Gíraldez Casasnovas ; prólogo, Juan Casasnovas Garrido. |
| 264 |
_aSanto Domingo, República Dominicana : _bEditora Corripio, _c1985. |
||
| 300 |
_a101 páginas : _c23 cm. |
||
| 336 |
_atexto _btxt _2rdacontent |
||
| 337 |
_asin mediación _bn _2rdamedia |
||
| 338 |
_avolumen _bnc _2rdacarrier |
||
| 505 | _aPrólogo, 3 -- Prólogo del autor, 7 -- Tú y yo, 11 -- A la memoria, 15 -- El misterio, 17 -- Una célula, 19 -- Diálogos de dos letras, 21 -- Si quisieras, 23 -- Aguas, 25 -- Llamándote, 27 -- Tiene que amarme, 29 -- Un precio, 31 -- En esa ollita, 25 -- Monólogos entre dos pobrezas, 37 -- Circulo y estela, 43 -- Libertad, 45 -- No comprendes, 49 -- Regalo, 51 -- Nostálgica y especie, 53 -- Levitación, 55 -- El silencio, -- 57 -- Continuo, 59 -- Invierno, 61 -- Del mar, 63 -- Revés, 65 -- Contacto, 69 -- Por qué no fuiste mía, 71 -- No digo, 73 -- Modificación en el tiempo, 73 -- Pasajera, 77 -- Al pasar, 79 -- Bruma, 81 -- Pasajero encuentro, 83 -- Eras el ayer, 85 -- Temeroso, 87 -- Somos distancias, 89 -- A mi madre, 91 --No, hay victoria, 95 -- Para la voz que caiga, 97 -- Aún, 99 | ||
| 590 | _aInventariado, 2025 /LP | ||
| 700 | 1 |
_aCasasnovas Garrido, Juan _eprologuista _4pr. _988663 |
|
| 910 | _aLP | ||
| 942 |
_2ddc _cLBS1 |
||
| 999 |
_c59919 _d59919 |
||